| 000 | 02372nam0a2200433 4500 | ||
|---|---|---|---|
| 001 | RU\NLR\BIBL_A\012190184 | ||
| 005 | 20200921122726.0 | ||
| 010 |
_a978-5-215-03266-4 _9500 |
||
| 021 |
_aRU _bКН-П-19-097819 _9КН-П-19-7189 |
||
| 035 | _a(NLR Aleph) 012190184 | ||
| 035 | _a(RuMoRGB)010203855 | ||
| 090 |
_a12296561 _c12296561 |
||
| 100 | _a20200129d2019 k y0rusy50 ca | ||
| 101 | 0 |
_aeng _drus _grus |
|
| 102 | _aRU | ||
| 105 | _aa|||z|||010zy | ||
| 181 | 0 |
_ai _baxxe |
|
| 182 | 0 | _an | |
| 200 | 1 |
_aКонцевые функции: современные теория и практика _dEndpoint functions: modern theory and practice _eмонография _fТ. М. Гатауллин, С. Т. Гатауллин _gМинистерство науки и высшего образования Российской Федерации, Федеральное государственное бюджетное образовательное учреждение высшего образования "Государственный университет управления" _zeng |
|
| 203 |
_aТекст _bвизуальный _cнепосредственный |
||
| 210 |
_aМосква _cИздательский дом ГУУ _d2019 |
||
| 215 |
_a70 с. _cил., табл. _d21 |
||
| 300 | _aАвт. также на англ. яз.: T.M Gataullin, S.T. Gataullin | ||
| 300 | _aВ вып. дан. авт.: Гатауллин Т.М. - к.ф.-м.н., д.э.н., Гатауллин С.Т. - к.э.н. | ||
| 300 | _aТекст англ. Рез. рус. | ||
| 300 | _aНа тит.л. и обл.: Гос. ун-т упр. 100 лет | ||
| 320 | _aБиблиогр.: с. 69-70 (25 назв.) | ||
| 510 | 1 |
_6z73790 _aEndpoint functions: modern theory and practice _zeng |
|
| 606 | 1 |
_aЛинейное программирование _xПрименение в экономике _2nlr_sh2 _3RU\NLR\AUTH\661467523 |
|
| 610 | 0 | _aконцевые функции | |
| 686 | 1 | _aУ.в611.21 | |
| 700 | 1 |
_aГатауллин _bТ. М. _gТимур Малютович |
|
| 701 | 1 |
_aГатауллин _dС.Т _gСергей Тимурович |
|
| 790 | 1 |
_6z73 _aGataullin _bT.M. _gTimur Maljutovič |
|
| 790 | 1 |
_6z73 _6z73510 _aGataullin _bS.T. _gSergej Timurovič |
|
| 942 | _cBOOK | ||
| 980 | _aNB | ||